Fertiliser strategy for raising agricultural production (Record no. 8445)

000 -LEADER
fixed length control field 00372pab a2200157 454500
008 - FIXED-LENGTH DATA ELEMENTS--GENERAL INFORMATION
fixed length control field 180718b1989 xxu||||| |||| 00| 0 eng d
100 ## - MAIN ENTRY--PERSONAL NAME
Personal name Khanna, S.S.
245 ## - TITLE STATEMENT
Title Fertiliser strategy for raising agricultural production
260 ## - PUBLICATION, DISTRIBUTION, ETC.
Date of publication, distribution, etc. 1989
300 ## - PHYSICAL DESCRIPTION
Extent 10-15
362 ## - DATES OF PUBLICATION AND/OR SEQUENTIAL DESIGNATION
Dates of publication and/or sequential designation 16 Mar.
650 ## - SUBJECT ADDED ENTRY--TOPICAL TERM
Topical term or geographic name entry element Fertilisers
700 ## - ADDED ENTRY--PERSONAL NAME
Personal name M.P. Gupta
773 ## - HOST ITEM ENTRY
Main entry heading Yojana
909 ## -
-- 8445
Holdings
Withdrawn status Lost status Damaged status Not for loan Permanent Location Current Location Date acquired Serial Enumeration / chronology Barcode Date last seen Price effective from Koha item type
        Indian Institute of Public Administration Indian Institute of Public Administration 2018-07-19 Volume no: 33, Issue no: 5 AR8459 2018-07-19 2018-07-19 Articles

Powered by Koha